Γεωγραφική κατανομή κλιματικών φαινομένων στον ελλαδικό χώρο για την χρονική περίοδο 1980-1996 : πτυχιακή εργασία

Αποθηκεύτηκε σε:
Λεπτομέρειες βιβλιογραφικής εγγραφής
Κύριος συγγραφέας: Γραβάλου, Λαμπρινή
Συγγραφή απο Οργανισμό/Αρχή: Πανεπιστήμιο Αιγαίου. Σχολή Κοινωνικών Επιστημών. Τμήμα Γεωγραφίας
Άλλοι συγγραφείς: Φείδας, Χαράλαμπος (Εισηγητής διατριβής)
Μορφή: Thesis Βιβλίο
Γλώσσα:Greek
Δημοσίευση: Λέσβος : Πανεπιστήμιο Αιγαίου, Σχολή Κοινωνικών Επιστημών, Τμήμα Γεωγραφίας, 2007
Θέματα:
Διαθέσιμο Online:http://hdl.handle.net/11610/6195
Ετικέτες: Προσθήκη ετικέτας
Δεν υπάρχουν, Καταχωρήστε ετικέτα πρώτοι!

MARC

LEADER 00000cam a2200000 i 4500
001 1/44175
008 070511s2007 gre d
035 |l 10087794 
040 |a GR-MY-UA  |b gre  |e aacr 
041 0 |a gre 
082 0 |a 551.6  |2 (22) 
100 1 |a Γραβάλου, Λαμπρινή. 
245 1 0 |a Γεωγραφική κατανομή κλιματικών φαινομένων στον ελλαδικό χώρο για την χρονική περίοδο 1980-1996 :  |b πτυχιακή εργασία /  |c Γραβάλου Λαμπρινή ; επιβλέπων καθηγητής Χ. Φείδας 
260 |a Λέσβος :   |b Πανεπιστήμιο Αιγαίου, Σχολή Κοινωνικών Επιστημών, Τμήμα Γεωγραφίας,   |c 2007 
300 |a 47 σ.;  |c 30 εκ. 
500 |a Μέλη της εξεταστικής επιτροπής: Ν. Σουλακέλλης, Μ. Βαΐτης 
500 |a Λόγω του μεγέθους του παραρτήματος, το παράρτημα βρίσκεται σε Cd-Rom [σ. 47] 
502 # # |a Πτυχιακή εργασία – Πανεπιστήμιο Αιγαίου, Λέσβος, 2007. 
504 |a Βιβλιογραφία: σ. 46 
650 0 0 |a Climatic changes. 
650 0 0 |a Meteorology  |x Geographic information systems. 
650 0 0 |a Meteorology  |x Research  |z Greece. 
650 0 0 |a Climatology  |z Greece. 
650 0 0 |a Dissertations, Academic  |z Greece. 
651 0 |a Greece  |x Climate  |x Observations. 
700 1 |a Φείδας, Χαράλαμπος.  |4 ths 
710 2 |a Πανεπιστήμιο Αιγαίου.   |b Σχολή Κοινωνικών Επιστημών.   |b Τμήμα Γεωγραφίας. 
852 |a INST  |b LESVOS  |c DIATR  |e 20070511  |h 425  |p 005100038388  |q 005100038388  |t DIE  |y 23 
852 |a INST  |b LESVOS  |c DIATR  |e 20070511  |h 426  |p 005100038387  |q 005100038387  |t DIE  |y 23 
856 |u http://hdl.handle.net/11610/6195 
901 |a BIBL1-2007-2 
909 |a Λ  |b 132838 
909 |a Λ  |b 132839 
924 |a ΓΡΑΒΑΛΟΥ  |b ΛΑΜΠΡΙΝΗ  |y ΛΕΣΒΟΣ  |z 2007-05 
970 |a ΒΑΡΚΑ  |b ΕΛΕΥΘΕΡΙΑ  |z 2007/05/11